[Event "CAN-op"]
[Site "Quebec CAN"]
[Date "2018.07.10"]
[Round "5.18"]
[White "Auger, Bertrand"]
[Black "Mercure, Gilbert"]
[Result "0-1"]
[WhiteElo "1935"]
[BlackElo "1760"]
[PlyCount "116"]
[EventDate "2018.07.07"]
[EventType "swiss"]
[EventRounds "9"]
[EventCountry "CAN"]

1. Nf3 d5 2. g3 Nc6 3. d4 Bg4 4. Bg2 Qd7 5. h3 Bf5 6. Ne5 Nxe5 7. dxe5 O-O-O 8.
Nc3 c6 9. e4 dxe4 10. Qxd7+ Rxd7 11. Nxe4 e6 12. Be3 Bb4+ 13. c3 Bxe4 14. Bxe4
Ba5 15. Bxa7 b6 16. b4 Rxa7 17. Ke2 Ne7 18. a3 b5 19. bxa5 Rxa5 20. f4 Kc7 21.
Ra2 Rha8 22. Rha1 Nd5 23. Kd3 Ra4 24. Bf3 g6 25. Kd2 Rd8 26. Bxd5 Rxd5+ 27. Kc2
Kb6 28. Re1 c5 29. Raa1 h5 30. h4 Rd7 31. Red1 Rxd1 32. Rxd1 Kc7 33. Kb3 Re4
34. Rd6 Ra4 35. Rd1 c4+ 36. Kb2 Ra6 37. Rd4 Rc6 38. a4 Kb6 39. axb5 Rc7 40. Rd8
Kxb5 41. Ka3 Ra7+ 42. Kb2 Kc6 43. Rd4 Rb7+ 44. Kc2 Kc5 45. Rd8 Re7 46. Rc8+ Kd5
47. Rd8+ Ke4 48. Rd4+ Kf3 49. Rxc4 Kxg3 50. Rd4 Kxh4 51. c4 Kg4 52. Kd3 Rc7 53.
Ke3 Kg3 54. Ke2 h4 55. Kf1 h3 56. Kg1 h2+ 57. Kh1 Ra7 58. Rd3+ Kxf4 0-1

[Event "CAN-op"]
[Site "Quebec CAN"]
[Date "2018.07.10"]
[Round "5.19"]
[White "Leger, Manon"]
[Black "Hay, Jonathan"]
[Result "0-1"]
[WhiteElo "1911"]
[BlackElo "1772"]
[PlyCount "45"]
[EventDate "2018.07.07"]
[EventType "swiss"]
[EventRounds "9"]
[EventCountry "CAN"]

1. e4 c6 2. d4 d5 3. exd5 cxd5 4. c4 Nf6 5. Nc3 Nc6 6. Bg5 Be6 7. c5 g6 8. Nf3
Ne4 9. Bf4 Bg7 10. Bb5 O-O 11. Qa4 Na5 12. Ne5 f6 13. Nf3 a6 14. Bd3 Nxc3 15.
bxc3 Bd7 16. Qc2 e5 17. dxe5 fxe5 18. Bg5 Bf6 19. Bxf6 Qxf6 20. Bf1 Rac8 21.
O-O-O Rxc5 22. Be2 Rfc8 23. Qd2 0-1

[Event "CAN-op"]
[Site "Quebec CAN"]
[Date "2018.07.10"]
[Round "5.20"]
[White "Saine, Zachary"]
[Black "Chevalier, Francois"]
[Result "1-0"]
[WhiteElo "1899"]
[BlackElo "1720"]
[PlyCount "69"]
[EventDate "2018.07.07"]
[EventType "swiss"]
[EventRounds "9"]
[EventCountry "CAN"]

1. e4 e5 2. Nf3 Nc6 3. Bc4 Nf6 4. Ng5 d5 5. exd5 Na5 6. Bb5+ c6 7. dxc6 bxc6 8.
Be2 h6 9. Nf3 e4 10. Ne5 Bd6 11. d4 exd3 12. Nxd3 Qc7 13. h3 O-O 14. O-O Rd8
15. Bd2 c5 16. Qe1 Nc6 17. Bf3 Rb8 18. Bc3 Re8 19. Qc1 Nd4 20. Bxd4 cxd4 21.
Nd2 Ba6 22. Nb3 Qb6 23. Re1 Bxd3 24. Rxe8+ Rxe8 25. cxd3 Qb4 26. Qd2 Qb6 27.
Rc1 Bb4 28. Qf4 Nd7 29. Qxd4 Qxd4 30. Nxd4 Nc5 31. Rd1 Na4 32. Rb1 Nxb2 33.
Rxb2 Bc3 34. Re2 Rd8 35. Nb5 1-0

[Event "CAN-op"]
[Site "Quebec CAN"]
[Date "2018.07.10"]
[Round "5.21"]
[White "Forget, Luc"]
[Black "Chang, Alexander RZ"]
[Result "0-1"]
[WhiteElo "1889"]
[BlackElo "1557"]
[PlyCount "86"]
[EventDate "2018.07.07"]
[EventType "swiss"]
[EventRounds "9"]
[EventCountry "CAN"]

1. d4 Nf6 2. c4 e6 3. Nf3 d5 4. g3 Be7 5. Bg2 O-O 6. O-O c6 7. Qc2 Nbd7 8. Rd1
b6 9. Nbd2 Bb7 10. b3 Rc8 11. Bb2 Qc7 12. Rac1 dxc4 13. Nxc4 c5 14. Qb1 Qb8 15.
Nfe5 Bxg2 16. Nxd7 Nxd7 17. Kxg2 cxd4 18. Bxd4 Rfd8 19. e4 Bf6 20. Bxf6 Nxf6
21. f3 b5 22. Ne3 Qb6 23. Rxc8 Rxc8 24. Qd3 h6 25. h4 Qc5 26. Qd4 Qxd4 27. Rxd4
Rc5 28. Rd2 Kf8 29. Rc2 Nd7 30. Kf2 Ke7 31. Ke2 Rxc2+ 32. Nxc2 Kd6 33. Ke3 Ne5
34. Ke2 Kc5 35. Ke3 Nc6 36. a3 a5 37. h5 a4 38. bxa4 bxa4 39. f4 Kc4 40. Kd2
Kb3 41. g4 f6 42. Kd3 e5 43. f5 Na7 0-1

[Event "CAN-op"]
[Site "Quebec CAN"]
[Date "2018.07.10"]
[Round "5.28"]
[White "Dube, Daniel"]
[Black "Bernatchez, Dan"]
[Result "0-1"]
[WhiteElo "1664"]
[BlackElo "1793"]
[PlyCount "72"]
[EventDate "2018.07.07"]
[EventType "swiss"]
[EventRounds "9"]
[EventCountry "CAN"]

1. d4 Nf6 2. c4 e6 3. Nf3 b6 4. a3 Bb7 5. Nc3 d5 6. cxd5 exd5 7. Bf4 Bd6 8.
Bxd6 Qxd6 9. e3 Ne4 10. Qc2 Qe7 11. Bd3 Nd7 12. O-O O-O 13. Rfe1 f5 14. Nd2 Qh4
15. g3 Qh5 16. Ndxe4 fxe4 17. Bf1 Rf6 18. Qe2 Qf5 19. Bg2 a5 20. b4 c5 21. bxc5
bxc5 22. Rab1 Ba6 23. Qa2 Bc4 24. Qd2 Bd3 25. Rb7 cxd4 26. exd4 Nb6 27. Nd1 Nc4
28. Qa2 Raf8 29. Bf1 Bxf1 30. Rxf1 Qg5 31. Re1 Nd2 32. Re3 Rxf2 33. Nxf2 Qxe3
34. Qxd5+ Kh8 35. Qf7 Qe1+ 36. Kg2 Qf1# 0-1

[Event "CAN-op"]
[Site "Quebec CAN"]
[Date "2018.07.11"]
[Round "6.1"]
[White "Sambuev, Bator"]
[Black "Bitan, Banerjee"]
[Result "0-1"]
[WhiteElo "2514"]
[BlackElo "2398"]
[PlyCount "132"]
[EventDate "2018.07.07"]
[EventType "swiss"]
[EventRounds "9"]
[EventCountry "CAN"]

1. d4 d5 2. c4 c6 3. Nf3 Nf6 4. e3 Bf5 5. Nc3 e6 6. Nh4 Be4 7. Qb3 Qc7 8. f3
Bg6 9. Bd2 Nbd7 10. Rc1 Rc8 11. cxd5 exd5 12. Kf2 Qb8 13. g3 Be7 14. Bh3 O-O
15. Nf5 Bd8 16. Ne2 Re8 17. Bb4 Bxf5 18. Bxf5 a5 19. Bd2 g6 20. Bh3 Qa7 21. a4
Bb6 22. Rhe1 Re7 23. Nf4 g5 24. Nd3 g4 25. Bxg4 Nxg4+ 26. fxg4 Nf6 27. Kg2 Rce8
28. Qd1 Ne4 29. Nf4 Bc7 30. Nh5 Qb6 31. Bc3 Re6 32. Qf3 f6 33. h4 Bd8 34. Kh3
Qc7 35. Re2 Qd7 36. b3 Bc7 37. Bb2 Qe7 38. Rce1 Bd6 39. Bc1 Qd7 40. Qf5 Qc7 41.
Rg2 Bb4 42. Rf1 Qe7 43. Rf3 Rf8 44. Rg1 Qe8 45. Rgf1 Bd6 46. Nf4 Re7 47. Nd3
Re6 48. Nf2 Ng5+ 49. hxg5 fxg5 50. Qxg5+ Rg6 51. Rxf8+ Qxf8 52. Qf5 Rf6 53.
Qg5+ Rg6 54. Qf5 Rf6 55. e4 Rxf5 56. gxf5 Qf7 57. Kh4 Be7+ 58. Kg4 Qg7+ 59. Kh3
Qxd4 60. exd5 Qxd5 61. Ng4 h5 62. Ne3 Qxb3 63. Ng2 Qc4 64. Ne3 Qe4 65. f6 Bxf6
66. g4 Bg5 0-1

[Event "CAN-op"]
[Site "Quebec CAN"]
[Date "2018.07.11"]
[Round "6.4"]
[White "Doknjas, John"]
[Black "Cherniaev, Alexander"]
[Result "1/2-1/2"]
[WhiteElo "2206"]
[BlackElo "2421"]
[PlyCount "76"]
[EventDate "2018.07.07"]
[EventType "swiss"]
[EventRounds "9"]
[EventCountry "CAN"]

1. d4 e6 2. c4 b6 3. Nc3 Bb7 4. a3 Nf6 5. d5 Bd6 6. Nf3 O-O 7. g3 Ba6 8. b3
exd5 9. cxd5 c5 10. Bg2 Re8 11. O-O Bf8 12. Re1 d6 13. Bb2 Nbd7 14. b4 b5 15.
e4 Nb6 16. Nd2 Rb8 17. Bf1 Nc4 18. Nxc4 bxc4 19. Qc2 Nd7 20. b5 Bxb5 21. Nxb5
Rxb5 22. Bxc4 Rb8 23. f4 g6 24. Qc3 Rxb2 25. Qxb2 Bg7 26. e5 dxe5 27. Qb7 Nb6
28. Ba2 exf4 29. d6 Bd4+ 30. Kg2 Rf8 31. Rad1 Qxd6 32. Rf1 c4 33. Bb1 Qxa3 34.
Rxf4 Be5 35. Rf2 Qc5 36. Be4 Qc7 37. Qxc7 Bxc7 38. Rf6 Be5 1/2-1/2

[Event "CAN-op"]
[Site "Quebec CAN"]
[Date "2018.07.11"]
[Round "6.5"]
[White "Dukic, Zachary"]
[Black "Mulyar, Michael"]
[Result "0-1"]
[WhiteElo "2118"]
[BlackElo "2385"]
[PlyCount "114"]
[EventDate "2018.07.07"]
[EventType "swiss"]
[EventRounds "9"]
[EventCountry "CAN"]

1. e4 e5 2. Nf3 Nc6 3. Bb5 a6 4. Ba4 Nf6 5. O-O b5 6. Bb3 Bc5 7. c3 d6 8. a4
Rb8 9. d4 Bb6 10. a5 Ba7 11. h3 O-O 12. Be3 exd4 13. cxd4 Ne7 14. Nc3 Bb7 15.
e5 Nfd5 16. Bg5 Nxc3 17. bxc3 dxe5 18. Nxe5 Qd6 19. Qg4 Nd5 20. Bd2 Nf6 21. Qh4
Ne4 22. Bf4 Qf6 23. Qxf6 Nxf6 24. Bg5 Ne4 25. Be7 Nxc3 26. Bxf8 Rxf8 27. Rae1
Bxd4 28. Nxf7 Bd5 29. Bxd5 Nxd5 30. Ng5 Nf4 31. Ne6 Nxe6 32. Rxe6 Rf6 33. Rxf6
gxf6 34. Re1 Kf7 35. Kf1 c5 36. f4 c4 37. f5 b4 38. Ke2 b3 39. Rb1 Ke7 40. g4
Kd6 41. g5 fxg5 42. Rd1 Kc5 43. Rxd4 Kxd4 44. f6 b2 45. f7 b1=Q 46. f8=Q Qe4+
47. Kd1 Qd3+ 48. Kc1 Qe3+ 49. Kc2 Qc3+ 50. Kd1 Qa1+ 51. Kc2 Qc3+ 52. Kd1 Qxa5
53. Qg7+ Qe5 54. Qxh7 Ke3 55. Qh5 Qd4+ 56. Kc1 Qd2+ 57. Kb1 Qe1+ 0-1

[Event "CAN-op"]
[Site "Quebec CAN"]
[Date "2018.07.11"]
[Round "6.7"]
[White "Doknjas, Joshua"]
[Black "Cui, Cynthia"]
[Result "1/2-1/2"]
[WhiteElo "2216"]
[BlackElo "1692"]
[PlyCount "107"]
[EventDate "2018.07.07"]
[EventType "swiss"]
[EventRounds "9"]
[EventCountry "CAN"]

1. e4 e6 2. d4 d5 3. Nc3 Bb4 4. e5 c5 5. a3 Bxc3+ 6. bxc3 Qa5 7. Bd2 Qa4 8. Qg4
Kf8 9. Qd1 b6 10. dxc5 bxc5 11. c4 Ne7 12. Be2 Nbc6 13. Nf3 h6 14. O-O g6 15.
Rb1 Ba6 16. cxd5 Nxd5 17. c4 Qxd1 18. Rfxd1 Nb6 19. Be3 Bxc4 20. Bxc5+ Kg7 21.
Bxc4 Nxc4 22. Rdc1 N6a5 23. Rb4 Rhb8 24. Kf1 Nb6 25. Ke2 Nc6 26. Bf8+ Kxf8 27.
Rxc6 Rc8 28. Nd4 Nd5 29. Rb7 Rxc6 30. Nxc6 a6 31. Nb8 Ke8 32. g3 a5 33. Kd3 Ne7
34. Kc4 Nd5 35. Kc5 Ne7 36. f4 g5 37. fxg5 hxg5 38. g4 Nc8 39. a4 Ne7 40. Kd6
Nd5 41. Kc6 Nc3 42. Rb3 Nxa4 43. Rh3 Ke7 44. Rh8 Nb2 45. Kb5 Rxb8+ 46. Rxb8 Nd3
47. Rg8 Nxe5 48. Rxg5 f6 49. Rxe5 fxe5 50. Kxa5 Kf6 51. h4 e4 52. Kb4 Ke5 53.
Kc3 Kf4 54. Kd2 1/2-1/2

[Event "CAN-op"]
[Site "Quebec CAN"]
[Date "2018.07.11"]
[Round "6.8"]
[White "Tanaka, Tyler"]
[Black "Itkin, David"]
[Result "1/2-1/2"]
[WhiteElo "2054"]
[BlackElo "2239"]
[PlyCount "81"]
[EventDate "2018.07.07"]
[EventType "swiss"]
[EventRounds "9"]
[EventCountry "CAN"]

1. e4 c6 2. Nc3 d5 3. Nf3 Nf6 4. e5 Ne4 5. Ne2 Qb6 6. d4 e6 7. Ng3 c5 8. Bd3
Nxg3 9. hxg3 cxd4 10. a3 Bd7 11. Qe2 Nc6 12. g4 O-O-O 13. g5 f6 14. Bf4 Be7 15.
gxf6 gxf6 16. g3 h5 17. O-O-O Rdf8 18. Rh3 fxe5 19. Nxe5 Bd6 20. Rh2 Qc7 21.
Re1 h4 22. Ng6 Bxf4+ 23. gxf4 Rf6 24. Kb1 Rg8 25. Rxh4 Rgxg6 26. Bxg6 Rxg6 27.
Rh8+ Nd8 28. Qd3 Rg4 29. Qxd4 b6 30. Qf6 b5 31. b4 a5 32. Re3 d4 33. Qxd4 axb4
34. axb4 Kb7 35. Rh7 Rg1+ 36. Kb2 Kc8 37. Rc3 Nc6 38. Qe4 Rd1 39. Qe2 Rd5 40.
Rh8+ Kb7 41. Rc5 1/2-1/2

[Event "CAN-op"]
[Site "Quebec CAN"]
[Date "2018.07.11"]
[Round "6.10"]
[White "Callier, Christophe"]
[Black "Ouellet, Maili-Jade"]
[Result "1-0"]
[WhiteElo "1970"]
[BlackElo "2197"]
[PlyCount "71"]
[EventDate "2018.07.07"]
[EventType "swiss"]
[EventRounds "9"]
[EventCountry "CAN"]

1. e4 c5 2. Nf3 e6 3. d4 cxd4 4. Nxd4 a6 5. f4 b5 6. Be3 Bb7 7. Bd3 Nf6 8. Nd2
Nc6 9. Qf3 Qc7 10. O-O Bc5 11. Nxc6 Bxe3+ 12. Qxe3 Qxc6 13. c4 b4 14. c5 O-O
15. Rac1 Rfd8 16. Nc4 Ne8 17. Na5 Qc7 18. Nxb7 Qxb7 19. e5 f5 20. g4 g6 21.
gxf5 exf5 22. Bc4+ Kh8 23. Rfd1 Rac8 24. Bd5 Qa7 25. Qd4 a5 26. e6+ Ng7 27. e7
Re8 28. Qf6 d6 29. Re1 dxc5 30. Bc6 c4+ 31. Kg2 Qa6 32. Re6 Rb8 33. Rd1 Qc8 34.
Bxe8 Qxe6 35. Qf8+ Qg8 36. Rd8 1-0

[Event "CAN-op"]
[Site "Quebec CAN"]
[Date "2018.07.11"]
[Round "6.11"]
[White "Zhang, Henry"]
[Black "Zhao, Jim"]
[Result "0-1"]
[WhiteElo "1979"]
[BlackElo "2169"]
[PlyCount "56"]
[EventDate "2018.07.07"]
[EventType "swiss"]
[EventRounds "9"]
[EventCountry "CAN"]

1. e4 c5 2. Nf3 e6 3. d4 cxd4 4. Nxd4 Nc6 5. Nc3 Qc7 6. Be3 Nf6 7. Qf3 Nxd4 8.
Bxd4 e5 9. Be3 Bb4 10. Bd2 O-O 11. h3 a6 12. g4 Bxc3 13. Bxc3 b5 14. Bd3 d6 15.
g5 Nd7 16. O-O-O Nc5 17. Qe3 Be6 18. Kb1 Rfb8 19. f4 b4 20. Be1 exf4 21. Qxf4
Rb6 22. Bg3 Rc8 23. Rh2 Na4 24. Qc1 Nc3+ 25. Ka1 Qc5 26. Be1 Nxa2 27. Qf4 Nc3
28. Bxc3 bxc3 0-1

[Event "CAN-op"]
[Site "Quebec CAN"]
[Date "2018.07.11"]
[Round "6.12"]
[White "Tomb, Maroun"]
[Black "Richardson, Kai"]
[Result "1-0"]
[WhiteElo "2152"]
[BlackElo "1973"]
[PlyCount "95"]
[EventDate "2018.07.07"]
[EventType "swiss"]
[EventRounds "9"]
[EventCountry "CAN"]

1. e4 e5 2. Nf3 Nc6 3. Bb5 Nf6 4. d4 exd4 5. O-O d6 6. Nxd4 Bd7 7. Nc3 Be7 8.
Nf5 O-O 9. Nxe7+ Nxe7 10. Bd3 Ng6 11. f4 h6 12. Qf3 c5 13. b3 Bc6 14. Bb2 Re8
15. Rfe1 Rb8 16. a4 b6 17. Rad1 Rb7 18. Bb5 Bxb5 19. Nxb5 Rd7 20. Bxf6 Qxf6 21.
e5 Qxf4 22. Qxf4 Nxf4 23. exd6 Rxe1+ 24. Rxe1 Ne6 25. Rd1 Nd4 26. Nxd4 Rxd6 27.
c3 cxd4 28. cxd4 f5 29. Kf2 Kf7 30. Ke3 g5 31. d5 Kf6 32. Kd4 g4 33. g3 h5 34.
Rc1 f4 35. gxf4 Kf5 36. Rc6 Rd8 37. Rh6 Kxf4 38. Rxh5 Re8 39. d6 Re1 40. Kd5
Rd1+ 41. Ke6 Re1+ 42. Kf7 Rd1 43. Ke7 Re1+ 44. Kd8 Re3 45. d7 Rd3 46. Rh7 Kf5
47. Ke8 Re3+ 48. Re7 1-0

[Event "CAN-op"]
[Site "Quebec CAN"]
[Date "2018.07.11"]
[Round "6.13"]
[White "Malakhovets, Sergey"]
[Black "Pare, Marc"]
[Result "1-0"]
[WhiteElo "1923"]
[BlackElo "1984"]
[PlyCount "107"]
[EventDate "2018.07.07"]
[EventType "swiss"]
[EventRounds "9"]
[EventCountry "CAN"]

1. d4 Nf6 2. Nf3 e6 3. Bf4 d5 4. e3 Bd6 5. Bg3 Ne4 6. Nbd2 f5 7. Ne5 O-O 8. Bd3
c5 9. Bxe4 fxe4 10. c3 cxd4 11. cxd4 Nc6 12. Nxc6 bxc6 13. Bxd6 Qxd6 14. f4
exf3 15. Nxf3 Ba6 16. Rc1 Rfc8 17. Rc5 e5 18. Ra5 c5 19. dxe5 Qb6 20. Ra3 d4
21. Qb3+ Qxb3 22. axb3 Rc6 23. Kd2 dxe3+ 24. Kxe3 Rd8 25. Rha1 Rd3+ 26. Ke4 Bb5
27. Rxa7 Rxb3 28. Ra8+ Kf7 29. R1a7+ Kg6 30. Rg8 Kh6 31. Rgxg7 Bd3+ 32. Kd5 Rc8
33. e6 Rxb2 34. Ne5 Bg6 35. Nxg6 hxg6 36. h4 Kh5 37. Rh7+ Kg4 38. Ra4+ Kg3 39.
Re4 Rd2+ 40. Ke5 c4 41. Rd7 Rc5+ 42. Kf6 Rf2+ 43. Kg7 c3 44. e7 c2 45. Re1 Rc8
46. Rd8 Rc7 47. Rd3+ Kxh4 48. Rc3 Rxc3 49. e8=Q Rc7+ 50. Kh6 c1=Q+ 51. Rxc1
Rxc1 52. Qa4+ Kg3 53. Qa3+ Kxg2 54. Qxc1 1-0

[Event "CAN-op"]
[Site "Quebec CAN"]
[Date "2018.07.11"]
[Round "6.14"]
[White "Manley, Jason"]
[Black "Drkulec, Vladimir"]
[Result "1/2-1/2"]
[WhiteElo "2051"]
[BlackElo "1794"]
[PlyCount "71"]
[EventDate "2018.07.07"]
[EventType "swiss"]
[EventRounds "9"]
[EventCountry "CAN"]

1. e4 c5 2. c3 d5 3. exd5 Qxd5 4. d4 Nf6 5. Nf3 Nc6 6. Be2 Bg4 7. Be3 cxd4 8.
Bxd4 Nxd4 9. cxd4 e6 10. Nc3 Qa5 11. Bb5+ Nd7 12. O-O O-O-O 13. Rc1 Kb8 14. Qd2
Bxf3 15. Qf4+ Ka8 16. Qxf3 Nf6 17. a3 Be7 18. Rfd1 Qb6 19. a4 Rxd4 20. Rxd4
Qxd4 21. a5 Qg4 22. Qe3 Rd8 23. a6 b6 24. h3 Qf5 25. Bc6+ Kb8 26. Nb5 Nd5 27.
Qb3 Qf4 28. Rc4 Qe5 29. g3 Nc7 30. Nxc7 Kxc7 31. Bg2+ Kb8 32. Qf3 Qd5 33. Qf4+
e5 34. Bxd5 exf4 35. Bxf7 fxg3 36. fxg3 {etc. 49 moves/coups.} 1/2-1/2

[Event "CAN-op"]
[Site "Quebec CAN"]
[Date "2018.07.11"]
[Round "6.16"]
[White "Hay, Jonathan"]
[Black "Zhao, Ian"]
[Result "0-1"]
[WhiteElo "1772"]
[BlackElo "1951"]
[PlyCount "90"]
[EventDate "2018.07.07"]
[EventType "swiss"]
[EventRounds "9"]
[EventCountry "CAN"]

1. d4 Nf6 2. Bf4 e6 3. e3 c5 4. c3 d5 5. Nd2 Nc6 6. Ngf3 Be7 7. Ne5 Nd7 8. Bd3
O-O 9. h4 f5 10. g4 Ndxe5 11. dxe5 d4 12. Qc2 dxe3 13. fxe3 Nxe5 14. Bxe5 Qd5
15. O-O-O Qxe5 16. Rdg1 Kh8 17. Rh3 Bd7 18. e4 b5 19. exf5 exf5 20. gxf5 Bxf5
21. Rhg3 Bxh4 22. Rxg7 Bf2 23. Bxf5 Bxg1 24. Rxh7+ Kg8 25. Rh5 Qe1+ 26. Qd1
Qxd1+ 27. Kxd1 Be3 28. Ne4 Rae8 29. Ke2 Rxf5 30. Rxf5 Rxe4 31. Kf3 Re7 32. b4
Bg1 33. bxc5 Rf7 34. Ke4 Rxf5 35. Kxf5 Bxc5 36. Ke6 b4 37. c4 a5 38. Kd5 a4 39.
Kxc5 b3 40. axb3 axb3 41. Kd6 b2 42. c5 b1=Q 43. c6 Qf5 44. Kc7 Kf8 45. Kb8
Qb5+ 0-1

[Event "CAN-op"]
[Site "Quebec CAN"]
[Date "2018.07.11"]
[Round "6.17"]
[White "Chang, Alexander RZ"]
[Black "Saine, Zachary"]
[Result "1/2-1/2"]
[WhiteElo "1597"]
[BlackElo "1899"]
[PlyCount "143"]
[EventDate "2018.07.07"]
[EventType "swiss"]
[EventRounds "9"]
[EventCountry "CAN"]

1. e4 e5 2. Nf3 Nc6 3. Bb5 f5 4. d3 fxe4 5. dxe4 Nf6 6. Bg5 Bc5 7. O-O d6 8.
Nbd2 O-O 9. c3 a5 10. Bc4+ Kh8 11. Re1 Qe8 12. Bxf6 Rxf6 13. Nf1 Qg6 14. Ng3
Bg4 15. Be2 Raf8 16. Rf1 h5 17. Kh1 Qh6 18. h3 Bc8 19. Qc1 h4 20. Nf5 Qxc1 21.
Raxc1 Bxf5 22. exf5 Rxf5 23. Nxh4 R5f6 24. Nf3 d5 25. Bb5 e4 26. Bxc6 bxc6 27.
Ne5 Bxf2 28. Nd7 e3 29. Nxf6 Rxf6 30. Rc2 c5 31. Rd1 Re6 32. Re2 Rd6 33. g4 d4
34. Rd3 Bg3 35. Kg2 Be5 36. c4 g5 37. b3 a4 38. Kf3 Rf6+ 39. Kg2 Ra6 40. Kf3
Kg7 41. Rc2 Kf6 42. bxa4 Rxa4 43. Rb3 Ke6 44. Ke4 Ra8 45. Kf3 Rf8+ 46. Kg2 Rd8
47. Rd3 Rb8 48. a4 Rb1 49. Ra3 Rd1 50. Re2 Bf4 51. Kf3 Ke5 52. a5 Rh1 53. a6
Rxh3+ 54. Kg2 Rh2+ 55. Kf3 Rh3+ 56. Kg2 Rh8 57. Kf3 Ra8 58. a7 c6 59. Re1 d3
60. Rxe3+ Bxe3 61. Kxe3 d2 62. Kxd2 Kf4 63. Ke2 Kxg4 64. Ke3 Kf5 65. Ra5 Kg4
66. Rxc5 Rxa7 67. Rxc6 Kg3 68. Rg6 Re7+ 69. Kd4 g4 70. c5 Re1 71. Kd5 Rd1+ 72.
Kc6 1/2-1/2

[Event "CAN-op"]
[Site "Quebec CAN"]
[Date "2018.07.11"]
[Round "6.18"]
[White "Mercure, Gilbert"]
[Black "Acosta, Mariano"]
[Result "0-1"]
[WhiteElo "1760"]
[BlackElo "1802"]
[PlyCount "87"]
[EventDate "2018.07.07"]
[EventType "swiss"]
[EventRounds "9"]
[EventCountry "CAN"]

1. e4 d6 2. d4 Nf6 3. Nc3 g6 4. f4 Bg7 5. e5 Nfd7 6. Bd3 O-O 7. Nf3 c5 8. e6
fxe6 9. Ng5 Nf6 10. h4 cxd4 11. Nce4 d5 12. Nxf6+ Rxf6 13. Nxh7 Kxh7 14. Qh5+
Bh6 15. Bxg6+ Rxg6 16. g4 Qf8 17. g5 Qf5 18. Bd2 Qxc2 19. Rc1 Qe4+ 20. Kf2 Nc6
21. Rhe1 Qf5 22. Qf3 Bd7 23. b4 a6 24. a4 Rf8 25. b5 axb5 26. axb5 Nb8 27. gxh6
Rxh6 28. Rc7 Bxb5 29. Rxe7+ Rf7 30. Re5 Qf6 31. Rxf7+ Qxf7 32. Qg4 Nd7 33. Rg5
Nf6 34. Qd1 Ne4+ 35. Kg2 Rxh4 36. Qb1 Bc6 37. Qd3 Rh6 38. Kf1 Qf6 39. Kg2 Kh8
40. Rg4 Rg6 41. Qh3+ Kg7 42. Bb4 Rxg4+ 43. Qxg4+ Qg6 44. Bf8+ 0-1

[Event "CAN-op"]
[Site "Quebec CAN"]
[Date "2018.07.11"]
[Round "6.20"]
[White "James, Rowan"]
[Black "Drolet, Stephane"]
[Result "1-0"]
[WhiteElo "1823"]
[BlackElo "2052"]
[PlyCount "113"]
[EventDate "2018.07.07"]
[EventType "swiss"]
[EventRounds "9"]
[EventCountry "CAN"]

1. e4 e6 2. d3 d5 3. Nd2 c5 4. Ngf3 Nc6 5. g3 Bd6 6. Bg2 Nge7 7. O-O d4 8. Re1
e5 9. Nb3 Bg4 10. h3 Bd7 11. Nh2 Qc8 12. h4 a5 13. a4 Qc7 14. Rf1 h5 15. f4 g6
16. fxe5 Nxe5 17. Bf4 b6 18. Nf3 N7c6 19. Nbd2 f6 20. Nxe5 Nxe5 21. Nf3 O-O-O
22. Bxe5 Bxe5 23. Nxe5 Qxe5 24. Qf3 Rdf8 25. b3 g5 26. hxg5 Qxg5 27. e5 Qe3+
28. Qxe3 dxe3 29. Rxf6 Rxf6 30. exf6 Bg4 31. f7 Kd7 32. Re1 e2 33. Kf2 Rf8 34.
Bd5 Kd6 35. Bc4 Ke5 36. Ke3 Kd6 37. d4 cxd4+ 38. Kxd4 Ke7 39. Bxe2 Rd8+ 40. Kc3
Bxe2 41. Rxe2+ Kxf7 42. Re5 Rc8+ 43. Kb2 Rg8 44. Rxh5 Rxg3 45. Rh6 Rg8 46. Rxb6
Ra8 47. c4 Ke7 48. Kc3 Kd7 49. c5 Kc7 50. Kc4 Ra7 51. Kb5 Ra8 52. c6 Kd6 53.
Rb7 Kd5 54. c7 Rc8 55. Kb6 Kd6 56. Rb8 Rxc7 57. Rd8+ 1-0

[Event "CAN-op"]
[Site "Quebec CAN"]
[Date "2018.07.11"]
[Round "6.21"]
[White "Bouton, Christophe"]
[Black "Lehingrat, Callum"]
[Result "1/2-1/2"]
[WhiteElo "2016"]
[BlackElo "1853"]
[PlyCount "44"]
[EventDate "2018.07.07"]
[EventType "swiss"]
[EventRounds "9"]
[EventCountry "CAN"]

1. Nf3 Nf6 2. c4 e6 3. g3 c5 4. Bg2 Be7 5. O-O O-O 6. Nc3 Nc6 7. d4 cxd4 8.
Nxd4 a6 9. Nc2 Qc7 10. Bf4 d6 11. c5 Ne5 12. cxd6 Bxd6 13. Nd4 Bd7 14. Rc1 Qb8
15. Qb3 Ra7 16. Rfd1 b5 17. Ne4 Nxe4 18. Bxe4 Rd8 19. Bg5 Rc8 20. Rxc8+ Bxc8
21. f4 Nc4 22. Rd3 Bb7 1/2-1/2

[Event "CAN-op"]
[Site "Quebec CAN"]
[Date "2018.07.11"]
[Round "6.22"]
[White "Tinica, Gabriel"]
[Black "Saha, Ananda"]
[Result "0-1"]
[WhiteElo "1658"]
[BlackElo "1950"]
[PlyCount "62"]
[EventDate "2018.07.07"]
[EventType "swiss"]
[EventRounds "9"]
[EventCountry "CAN"]

1. d4 Nf6 2. c4 e6 3. Nc3 Bb4 4. a3 Bxc3+ 5. bxc3 O-O 6. f3 d6 7. e4 e5 8. Bd3
b6 9. d5 Nbd7 10. Be3 Nc5 11. Bxc5 dxc5 12. Ne2 Ne8 13. Ng3 Nd6 14. O-O Qg5 15.
Re1 Bd7 16. Qe2 Rae8 17. a4 a5 18. Qe3 Qxe3+ 19. Rxe3 g6 20. Nf1 f5 21. exf5
Bxf5 22. Bxf5 Rxf5 23. Nd2 Rf4 24. Ne4 Nxc4 25. Rd3 Rd8 26. Ra2 h6 27. g3 Rf7
28. Kg2 Kg7 29. Nd2 Nd6 30. Ne4 c4 31. Nxd6 Rxd6 0-1

[Event "CAN-op"]
[Site "Quebec CAN"]
[Date "2018.07.11"]
[Round "6.23"]
[White "Bernatchez, Dan"]
[Black "Auger, Bertrand"]
[Result "1-0"]
[WhiteElo "1793"]
[BlackElo "1935"]
[PlyCount "35"]
[EventDate "2018.07.07"]
[EventType "swiss"]
[EventRounds "9"]
[EventCountry "CAN"]

1. d4 Nf6 2. g3 e6 3. Bg2 d5 4. Nf3 Be7 5. c4 O-O 6. O-O b6 7. cxd5 Nxd5 8. Nc3
Nxc3 9. bxc3 Bb7 10. Qd3 Qc8 11. Bf4 Nd7 12. Rfe1 Rd8 13. e4 c5 14. Rad1 cxd4
15. cxd4 Nc5 16. Qb1 Na4 17. Rc1 Qd7 18. Rc7 1-0

[Event "CAN-op"]
[Site "Quebec CAN"]
[Date "2018.07.11"]
[Round "6.24"]
[White "Chevalier, Francois"]
[Black "Leger, Manon"]
[Result "1-0"]
[WhiteElo "1720"]
[BlackElo "1911"]
[PlyCount "85"]
[EventDate "2018.07.07"]
[EventType "swiss"]
[EventRounds "9"]
[EventCountry "CAN"]

1. d4 d5 2. Bf4 Nf6 3. e3 Bg4 4. Nf3 e6 5. c4 c6 6. Qb3 b6 7. Nc3 Nbd7 8. cxd5
exd5 9. h3 Be6 10. Ba6 Nh5 11. Bh2 Be7 12. Bb7 Rc8 13. Bxc8 Qxc8 14. O-O-O O-O
15. g4 Nhf6 16. Ne5 Ne4 17. Nxd7 Qxd7 18. Qc2 f5 19. f3 Nd6 20. Bxd6 Bxd6 21.
Kb1 b5 22. Ka1 Qb7 23. Rhf1 Qa6 24. Ne2 b4 25. Nc1 fxg4 26. hxg4 Bxg4 27. Qg2
Bf5 28. e4 Be6 29. Rg1 Rf7 30. e5 Bf8 31. Rh1 Bf5 32. Rhe1 Rb7 33. Qe2 Qa4 34.
b3 Qa3 35. Qb2 Qa5 36. Nd3 h5 37. Rh1 g6 38. Qg2 Rg7 39. Qd2 Qb6 40. Nb2 a5 41.
Rc1 Rc7 42. Na4 Kh7 43. Nxb6 1-0

[Event "CAN-op"]
[Site "Quebec CAN"]
[Date "2018.07.12"]
[Round "7.2"]
[White "Mulyar, Michael"]
[Black "Sambuev, Bator"]
[Result "0-1"]
[WhiteElo "2385"]
[BlackElo "2514"]
[PlyCount "134"]
[EventDate "2018.07.07"]
[EventType "swiss"]
[EventRounds "9"]
[EventCountry "CAN"]

1. d4 g6 2. c4 Bg7 3. Nf3 d6 4. g3 c5 5. Bg2 Nc6 6. d5 Na5 7. O-O Nf6 8. Nc3
O-O 9. Nd2 a6 10. Qc2 Rb8 11. b3 b5 12. Bb2 e6 13. dxe6 fxe6 14. cxb5 axb5 15.
Nce4 Ne8 16. Bxg7 Nxg7 17. Rad1 Bb7 18. Nf3 Bxe4 19. Qxe4 b4 20. h4 Rb6 21. Ng5
Qf6 22. Qe3 Qe7 23. Ne4 Nf5 24. Qg5 Qg7 25. Nxd6 Rxd6 26. Rxd6 Nxd6 27. Qxc5
Nab7 28. Qxb4 Rf7 29. Rd1 Qb2 30. Qd2 Qe5 31. a4 Nf5 32. b4 Nbd6 33. b5 Nc4 34.
Qc1 Nfd6 35. Bf3 Ra7 36. Qc2 Kf7 37. Kg2 Ke7 38. h5 Qf5 39. Qb3 Qc5 40. hxg6
hxg6 41. Rh1 Kd8 42. b6 Qxb6 43. Rh8+ Kc7 44. Rh7+ Kb8 45. Rh8+ Kc7 46. Qc2 Qb2
47. Rh7+ Kb6 48. Qxg6 Rxh7 49. Qxh7 e5 50. Qd3 Qb4 51. Bd5 Qxa4 52. f4 exf4 53.
gxf4 Kc5 54. Bxc4 Nxc4 55. e4 Qe8 56. e5 Qf7 57. Qe4 Qg8+ 58. Kh3 Qg1 59. e6
Ne3 60. Qf3 Kd4 61. f5 Qg8 62. Qf4+ Kd3 63. Qd6+ Ke2 64. Qa6+ Kf2 65. Qa2+ Kf3
66. Kh2 Nf1+ 67. Kh1 Ng3+ 0-1